| 000 | 00523nam a2200169 i 4500 | ||
|---|---|---|---|
| 001 | 61498 | ||
| 003 | ES-MaACL | ||
| 005 | 20230906164453.0 | ||
| 007 | t| | ||
| 008 | 031112s1973 sp ||||1| spa d | ||
| 100 | 1 |
_aFabre, Jacqueline. _948536 |
|
| 245 | 1 | 3 |
_aEl gusano _b: (la douve) : novela / _cJacqueline Fabre ; versión de Luis Hernández Alfonso. |
| 260 |
_aMadrid : _bPrensa Española, _c1973. |
||
| 300 |
_a133 p. ; _c22 cm. |
||
| 700 | 1 |
_aHernández Alfonso, Luis. _962874 |
|
| 852 |
_aES-MaACL _jC-54873 _bR.87595 |
||
| 999 |
_c61498 _d61498 |
||